| 000 | 00337nam a22000977a 4500 | ||
|---|---|---|---|
| 008 | 150622b xxu||||| |||| 00| 0 eng d | ||
| 010 | _8HCCSF:98B | ||
| 245 | _aHIGH COURT CIVIL SUIT NO.144 OF 2010 Finishing Touches Ltd. Vs Attorney General of Uganda | ||
| 260 | _aHigh Court Kampala | ||
| 500 | _3BEFORE: Hon. Justice Christopher Madrama Izama | ||
| 999 |
_c6518 _d6518 |
||